000 00289nam a22001217a 4500
008 181207b xxu||||| |||| 00| 0 eng d
041 _aeng
080 _25 TH
_a510
100 _a39
101 _aMAT
245 _aFundamentals Of Algebra To Trigometry
_cSwokowski,T
942 _2udc
_cBK
999 _c52993
_d52993